| 000 | 00691nam a2200229Ia 4500 | ||
|---|---|---|---|
| 003 | OSt | ||
| 005 | 20260429144354.0 | ||
| 008 | 210716s2005 xx 000 0 und d | ||
| 020 | _a8178814374 | ||
| 040 | _cAIMIT LIBRARY | ||
| 041 | _aeng | ||
| 082 |
_a001.0726583 _21 _bRAJP |
||
| 245 |
_aEffective human resource management / _cEdited by P V L Raju. |
||
| 250 | _a1st ed. | ||
| 260 |
_aHyderabad : _bICFAI University Press , _c2005. |
||
| 300 |
_ax,151,A-15p. ; _bPB _c24 cm |
||
| 650 |
_aRevisiting concepts _9186022 |
||
| 650 |
_aRevisting practices _9186023 |
||
| 650 |
_aPromises to keep _9186024 |
||
| 700 |
_aRaju, P V L.,ed. _9186025 |
||
| 942 |
_2ddc _cBK _e1st _k001.0726583 RAJP |
||
| 999 |
_c202316 _d202316 |
||